| 000 | 00656cam a2200217 a 4500 | ||
|---|---|---|---|
| 001 | 000010050 | ||
| 005 | 20200929161823.0 | ||
| 008 | 930714s1985 sp 000 0 spa d | ||
| 020 | _a8486217091 | ||
| 040 |
_aDO-SdBNP _bspa _cBNPHU |
||
| 082 |
_a862.64 _bM672a |
||
| 100 | 1 |
_aMiras, Domingo, _d1934- _924487 |
|
| 245 | 1 | 4 |
_aLas alumbradas de la Encarnación Benita de Domingo Miras / _cDomingo Miras. |
| 260 |
_aMadrid : _bLa Avispa, _c1985. |
||
| 300 |
_a126 p. ; _c18 cm. |
||
| 490 | 1 |
_aLa Avispa : _pTeatro, _v10 |
|
| 650 | 4 |
_aTeatro español _93071 |
|
| 650 | 4 |
_aLiteratura española _9632 |
|
| 830 | 0 |
_aLa Avispa : _pTeatro, _n10 _925022 |
|
| 049 | _aBNGR | ||
| 999 |
_c9809 _d9809 |
||